[Event "Oban Open"]
[Site "?"]
[Date "2012.11.16"]
[Round "1"]
[White "Burns-Mannion, Stephen"]
[Black "Edwards, Jonathan"]
[Result "1-0"]
[WhiteElo "2342"]
[BlackElo "1987"]
[PlyCount "57"]
[EventDate "2012.11.17"]

1. e4 c5 2. Nf3 d6 3. d4 cxd4 4. Nxd4 Nf6 5. Nc3 g6 6. Be3 Bg7 7. f3 O-O 8. Qd2
Nc6 9. O-O-O d5 10. Qe1 e5 11. Nxc6 bxc6 12. exd5 cxd5 13. Bg5 Be6 14. Bc4 Qb6
15. Bxf6 Bxf6 16. Nxd5 Bxd5 17. Rxd5 e4 18. Rb5 Qc7 19. Qxe4 Rab8 20. Rxb8 Rxb8
21. Bb3 a5 22. Rd1 Qxh2 23. Qc4 Qe5 24. c3 Qe3+ 25. Kb1 Qa7 26. g4 Rb7 27. Qf4
Bxc3 28. bxc3 a4 29. Qf6 1-0

[Event "Oban Open"]
[Site "?"]
[Date "2012.11.16"]
[Round "1"]
[White "Doyle, James"]
[Black "Sreeves, Clement"]
[Result "0-1"]
[WhiteElo "1924"]
[BlackElo "2213"]
[PlyCount "78"]
[EventDate "2012.11.17"]

1. e4 e5 2. Nf3 Nc6 3. Bb5 a6 4. Ba4 Nf6 5. d3 b5 6. Bb3 Bc5 7. O-O d6 8. c3
O-O 9. Bg5 Bb6 10. a4 Rb8 11. Nbd2 Na5 12. Bc2 c5 13. axb5 axb5 14. Nb3 Nc6 15.
d4 cxd4 16. cxd4 Bg4 17. d5 Nd4 18. Nbxd4 Bxd4 19. Qd3 Bxf3 20. gxf3 Qb6 21.
Be3 Bxe3 22. fxe3 g6 23. Kh1 Ra8 24. Qe2 b4 25. Ba4 Ra5 26. Bc6 Kg7 27. Rxa5
Qxa5 28. Qc2 Rb8 29. Qb3 Qc5 30. Kg2 Ng8 31. f4 Nf6 32. Qd3 b3 33. Rf2 Rb4 34.
fxe5 dxe5 35. Qf1 Qe7 36. Kg1 Nxe4 37. d6 Qg5+ 38. Rg2 Qxe3+ 39. Kh1 Nxd6 0-1

[Event "Oban Open"]
[Site "?"]
[Date "2012.11.16"]
[Round "1"]
[White "Bremner, Adam"]
[Black "Marks, Ian"]
[Result "1/2-1/2"]
[WhiteElo "2194"]
[BlackElo "1922"]
[PlyCount "45"]
[EventDate "2012.11.17"]

1. d4 d6 2. Nf3 Bg4 3. c4 Bxf3 4. gxf3 g6 5. e4 Bg7 6. Nc3 c5 7. Be3 cxd4 8.
Bxd4 Nf6 9. Nd5 e6 10. Nxf6+ Bxf6 11. Be2 Nc6 12. Be3 Bxb2 13. Rb1 Bc3+ 14. Kf1
b6 15. c5 dxc5 16. Qa4 Qc7 17. Bb5 Rc8 18. Rc1 Bg7 19. Bxc5 bxc5 20. Rxc5 O-O
21. Rxc6 Qf4 22. Kg2 Rxc6 23. Bxc6 1/2-1/2

[Event "Oban Open"]
[Site "?"]
[Date "2012.11.16"]
[Round "1"]
[White "Grove, Michael"]
[Black "Green, Andrew"]
[Result "0-1"]
[WhiteElo "1922"]
[BlackElo "2159"]
[PlyCount "60"]
[EventDate "2012.11.17"]

1. e4 Nf6 2. e5 Nd5 3. Bc4 e6 4. Nf3 Be7 5. O-O O-O 6. Re1 d6 7. d4 Nc6 8. Bf1
dxe5 9. dxe5 h6 10. Nbd2 Nf4 11. g3 Ng6 12. b3 b6 13. h4 Ngxe5 14. Rxe5 Nxe5
15. Nxe5 Qd4 16. Nc6 Qxa1 17. Nxe7+ Kh8 18. Bg2 Ba6 19. Bxa8 Rxa8 20. Nf3 Bb7
21. Ne1 a5 22. Qd2 Re8 23. Ng6+ fxg6 24. Qe3 Qf6 25. Bd2 Qf5 26. Bc3 Kh7 27. f3
Rf8 28. Qe5 Rf7 29. g4 Qxe5 30. Bxe5 Bxf3 0-1

[Event "Oban Open"]
[Site "?"]
[Date "2012.11.16"]
[Round "1"]
[White "Maack, Kjartan"]
[Black "Ntirlis, Nikos"]
[Result "1-0"]
[WhiteElo "2128"]
[BlackElo "1912"]
[PlyCount "47"]
[EventDate "2012.11.17"]

1. c4 e6 2. g3 d5 3. Bg2 Nf6 4. Nf3 Be7 5. O-O O-O 6. b3 c5 7. e3 Nc6 8. Bb2 b6
9. Qe2 Bb7 10. d3 Rc8 11. Rd1 Qc7 12. Nc3 Rfd8 13. Rac1 Qb8 14. cxd5 Nxd5 15.
Nxd5 Rxd5 16. d4 cxd4 17. Nxd4 Nxd4 18. Bxd4 Rxc1 19. Rxc1 Rd8 20. Qg4 Bf8 21.
Bxb7 Qxb7 22. Qf4 Bd6 23. Qg5 Be7 24. Qxg7# 1-0

[Event "Oban Open"]
[Site "?"]
[Date "2012.11.16"]
[Round "1"]
[White "Grant, David"]
[Black "Grant, Alan"]
[Result "0-1"]
[WhiteElo "1906"]
[BlackElo "2114"]
[PlyCount "59"]
[EventDate "2012.11.17"]

1. e4 c5 2. c3 b6 3. d4 Bb7 4. f3 e6 5. Be3 Nf6 6. Nd2 d5 7. Bd3 Nc6 8. e5 Nd7
9. Rc1 a5 10. f4 g6 11. Ne2 c4 12. Bb1 b5 13. O-O Qb6 14. g4 O-O-O 15. Nf3 Be7
16. Qd2 h5 17. f5 hxg4 18. fxe6 fxe6 19. Ng5 Ncxe5 20. dxe5 Bxg5 21. Nd4 Be7
22. Nf5 gxf5 23. Bxb6 Nxb6 24. Bxf5 Bc5+ 25. Kg2 d4+ 26. Kg3 exf5 27. Qg5 Rh3+
28. Kf4 Be4 29. Qg6 Nd5+ 30. Kg5 0-1

[Event "Oban Open"]
[Site "?"]
[Date "2012.11.16"]
[Round "1"]
[White "Robertson, Ian"]
[Black "Mollison, Jamie"]
[Result "1/2-1/2"]
[WhiteElo "2102"]
[BlackElo "1865"]
[PlyCount "30"]
[EventDate "2012.11.17"]

1. e4 e6 2. d4 d5 3. exd5 exd5 4. Nf3 Bd6 5. c4 Nf6 6. Nc3 O-O 7. cxd5 h6 8.
Be2 Nbd7 9. O-O Nb6 10. Qb3 Nfxd5 11. Nxd5 Nxd5 12. Ne5 Nb6 13. Bf4 Be6 14. Qg3
Qf6 15. Bd2 c5 1/2-1/2

[Event "Oban Open"]
[Site "?"]
[Date "2012.11.16"]
[Round "1"]
[White "Jelfs, Alan"]
[Black "Neave, George"]
[Result "1-0"]
[WhiteElo "1858"]
[BlackElo "2051"]
[PlyCount "123"]
[EventDate "2012.11.17"]

1. d4 Nf6 2. c4 g6 3. Nc3 Bg7 4. Nf3 O-O 5. g3 d6 6. Bg2 a6 7. O-O Nc6 8. a3 e5
9. d5 Na5 10. Nd2 Bh6 11. e3 b5 12. b4 Nxc4 13. Nxc4 bxc4 14. Qe2 c6 15. dxc6
d5 16. Rd1 Be6 17. Bb2 Rc8 18. b5 axb5 19. Nxb5 Rxc6 20. Bxe5 Re8 21. Bc3 Bg4
22. Bxf6 Bxe2 23. Bxd8 Bxd1 24. Bxd5 Rc5 25. Bxf7+ Kxf7 26. Nd6+ Kf8 27. Nxe8
Kxe8 28. Rxd1 c3 29. Bf6 c2 30. Rc1 Bf8 31. Bb2 Bd6 32. Kf1 Rh5 33. h4 g5 34.
hxg5 Rxg5 35. Rxc2 Ra5 36. Ke2 Kf7 37. f4 h5 38. Rc3 Rb5 39. Bc1 Rb1 40. Kf3
Ra1 41. e4 Ra2 42. e5 Be7 43. Ke4 Re2+ 44. Kd5 h4 45. gxh4 Bxh4 46. a4 Bd8 47.
Rc4 Ba5 48. Kc6 Ke6 49. Kb5 Bd8 50. a5 Ra2 51. Ra4 Rc2 52. Ba3 Rc8 53. a6 Rb8+
54. Kc4 Bb6 55. a7 Ra8 56. Ra6 Rxa7 57. Rxb6+ Kf5 58. Rf6+ Ke4 59. Bd6 Ra8 60.
e6 Rc8+ 61. Kb5 Kd5 62. e7 1-0

[Event "Oban Open"]
[Site "?"]
[Date "2012.11.16"]
[Round "1"]
[White "Oswald, David"]
[Black "Tsang, Sai Kong"]
[Result "1-0"]
[WhiteElo "2048"]
[BlackElo "1830"]
[PlyCount "41"]
[EventDate "2012.11.17"]

1. e4 c5 2. Nc3 Nc6 3. Bb5 Nd4 4. Bc4 e6 5. Nge2 Ne7 6. O-O Nec6 7. d3 Be7 8.
f4 O-O 9. f5 a6 10. Ng3 b5 11. Bb3 b4 12. Nce2 d5 13. exd5 Nxb3 14. axb3 Qxd5
15. f6 Bxf6 16. Rxf6 gxf6 17. Bh6 Bb7 18. Nf4 Qd4+ 19. Kh1 Ne5 20. Nfh5 Ng4 21.
Qxg4+ 1-0

[Event "Oban Open"]
[Site "?"]
[Date "2012.11.16"]
[Round "1"]
[White "Newton, Andrew"]
[Black "McKerracher, Douglas"]
[Result "0-1"]
[WhiteElo "1813"]
[BlackElo "2043"]
[PlyCount "96"]
[EventDate "2012.11.17"]

1. e4 d5 2. exd5 Qxd5 3. Nc3 Qa5 4. d4 Nf6 5. Bc4 c6 6. Bd2 Qc7 7. Nf3 Bf5 8.
Ne5 e6 9. Bf4 Bd6 10. Qe2 Nbd7 11. O-O-O O-O 12. Bg3 b5 13. Bxb5 cxb5 14. Nxb5
Qa5 15. Nxd6 Qxa2 16. Nxf5 exf5 17. Nxd7 Nxd7 18. c3 Nf6 19. f3 Nd5 20. Qd3
Rac8 21. Bd6 Rfd8 22. Bc5 f4 23. Qb1 Qa6 24. Qd3 Qb7 25. Qb1 Rb8 26. Rd3 Qc6
27. Qa2 Qb5 28. c4 Nb4 29. cxb5 Nxa2+ 30. Kb1 Rxb5 31. Bxa7 Ra8 32. Ra3 Nb4 33.
Rc1 g6 34. Rc4 Rb7 35. Rb3 Rbxa7 36. Rbxb4 Ra1+ 37. Kc2 Rg1 38. Kd3 Rxg2 39.
Rc2 Rg1 40. Ke4 g5 41. Rb5 Kg7 42. Rc7 Re1+ 43. Kf5 h6 44. d5 Rd8 45. Rc6 Re3
46. Kg4 Rd3 47. Rcc5 Kg6 48. Rc3 Rd2 0-1

[Event "Oban Open"]
[Site "?"]
[Date "2012.11.16"]
[Round "1"]
[White "Birkett, Richard"]
[Black "Kelly, J Steven"]
[Result "1-0"]
[WhiteElo "2028"]
[BlackElo "1803"]
[PlyCount "99"]
[EventDate "2012.11.17"]

1. d4 Nf6 2. g3 d5 3. Bg2 c6 4. Nf3 Bf5 5. O-O e6 6. c4 Bd6 7. Nc3 Nbd7 8. Re1
h6 9. b3 O-O 10. Bb2 Ne4 11. Nd2 Ndf6 12. Ndxe4 dxe4 13. e3 Bb4 14. Qc2 Bxc3
15. Bxc3 Rc8 16. h3 Nh7 17. Bxe4 Bxe4 18. Qxe4 Ng5 19. Qg2 f5 20. f3 a5 21. h4
Nh7 22. Rad1 Qc7 23. e4 f4 24. g4 Rcd8 25. Rd2 b6 26. Red1 Qe7 27. Qf2 Qc7 28.
Kh2 g5 29. h5 Nf6 30. Kh3 Rf7 31. Qe2 Re8 32. e5 Nd7 33. Qe4 Rg7 34. Bb2 Rc8
35. Ba3 Re8 36. Bd6 Qb7 37. Kg2 Qa8 38. a4 Qc8 39. Rc2 Qb7 40. d5 c5 41. Rcd2
exd5 42. cxd5 Nf6 43. Qf5 Nh7 44. e6 Qc8 45. Be5 Rf8 46. Qd3 Nf6 47. Qc4 Qe8
48. d6 Nxg4 49. fxg4 f3+ 50. Kf2 1-0

[Event "Oban Open"]
[Site "?"]
[Date "2012.11.16"]
[Round "1"]
[White "Thomas, Daniel"]
[Black "Page, Mark"]
[Result "0-1"]
[WhiteElo "1741"]
[BlackElo "2025"]
[PlyCount "47"]
[EventDate "2012.11.17"]

1. d4 Nf6 2. c4 g6 3. Nc3 Bg7 4. e4 d6 5. Be2 O-O 6. g4 a6 7. g5 Nfd7 8. Be3 c5
9. d5 Qa5 10. Qd2 b5 11. Nf3 bxc4 12. Bxc4 Nb6 13. Bb3 Bg4 14. Nh4 N8d7 15. h3
Bh5 16. f4 Qb4 17. O-O a5 18. Rae1 a4 19. Bc2 Nc4 20. a3 Qxb2 21. Nxa4 Nxd2 22.
Nxb2 Nxf1 23. Nc4 Nxe3 24. Rxe3 0-1

[Event "Oban Open"]
[Site "?"]
[Date "2012.11.16"]
[Round "1"]
[White "Olson, Hamish"]
[Black "Galloway, John"]
[Result "1-0"]
[WhiteElo "2007"]
[BlackElo "1572"]
[PlyCount "55"]
[EventDate "2012.11.17"]

1. Nf3 d5 2. c4 c6 3. e3 Nf6 4. Nc3 g6 5. b3 Bg7 6. Bb2 O-O 7. d4 Bg4 8. Be2
Nbd7 9. O-O e6 10. h3 Bxf3 11. Bxf3 Re8 12. e4 dxe4 13. Nxe4 Nxe4 14. Bxe4 Qc7
15. Bf3 Rad8 16. Qc2 Nb6 17. Rad1 Qb8 18. Rd3 e5 19. dxe5 Rxd3 20. Qxd3 Bxe5
21. Ba3 Rd8 22. Qc2 Nc8 23. Re1 Bf6 24. g4 Qf4 25. Qe2 Qd4 26. Qe8+ Rxe8 27.
Rxe8+ Kg7 28. Bf8+ 1-0

[Event "Oban Open"]
[Site "?"]
[Date "2012.11.17"]
[Round "2"]
[White "McKerracher, Douglas"]
[Black "Burns-Mannion, Stephen"]
[Result "0-1"]
[WhiteElo "2043"]
[BlackElo "2342"]
[PlyCount "68"]
[EventDate "2012.11.17"]

1. e4 e5 2. Nf3 Nc6 3. Bb5 a6 4. Bxc6 dxc6 5. O-O Bd6 6. d3 Ne7 7. Nbd2 O-O 8.
Nc4 Ng6 9. d4 Bg4 10. dxe5 Bxf3 11. Qxf3 Nxe5 12. Nxe5 Bxe5 13. Bf4 Qf6 14.
Bxe5 Qxe5 15. c3 Rae8 16. Rfe1 f5 17. Re3 fxe4 18. Qe2 Rf4 19. g3 Rf7 20. Re1
Rfe7 21. Qc2 Qd5 22. a3 Re5 23. Kg2 c5 24. Kg1 c4 25. Rd1 Qe6 26. Qe2 b5 27.
Kg2 h6 28. Rd2 c5 29. Qd1 Qf5 30. Rd6 R8e6 31. Rd8+ Kh7 32. Qd7 Qf6 33. Kg1 a5
34. Qxb5 Qxd8 0-1

[Event "Oban Open"]
[Site "?"]
[Date "2012.11.17"]
[Round "2"]
[White "Sreeves, Clement"]
[Black "Birkett, Richard"]
[Result "1-0"]
[WhiteElo "2213"]
[BlackElo "2028"]
[PlyCount "97"]
[EventDate "2012.11.17"]

1. e4 g6 2. d4 d6 3. Nc3 Bg7 4. f4 e5 5. dxe5 dxe5 6. Qxd8+ Kxd8 7. Nf3 Nc6 8.
fxe5 Be6 9. Bf4 Nge7 10. O-O-O+ Kc8 11. Nd5 h6 12. h4 Re8 13. Bc4 a6 14. Rhf1
b5 15. Nxe7+ Rxe7 16. Bd5 Kb7 17. Bxc6+ Kxc6 18. Nd4+ Kb7 19. Nxe6 fxe6 20. Bh2
Kc6 21. Rf3 Rf8 22. Rxf8 Bxf8 23. Rf1 Bg7 24. c3 Rd7 25. Kc2 h5 26. Bf4 Rf7 27.
Rf3 Kb7 28. Kd3 c5 29. Ke3 Bh8 30. Rg3 Rg7 31. Bh6 Rg8 32. Rg5 Rd8 33. Rxg6
Bxe5 34. Rxe6 Bg3 35. Bg5 Rd1 36. Kf3 Bh2 37. Be3 Rf1+ 38. Ke2 Rb1 39. b3 Bg1
40. Re5 Rb2+ 41. Bd2 Bh2 42. Rxh5 Bf4 43. Rd5 Rxa2 44. g4 a5 45. g5 a4 46. bxa4
bxa4 47. g6 a3 48. g7 Bxd2 49. g8=Q 1-0

[Event "Oban Open"]
[Site "?"]
[Date "2012.11.17"]
[Round "2"]
[White "Green, Andrew"]
[Black "Olson, Hamish"]
[Result "1/2-1/2"]
[WhiteElo "2159"]
[BlackElo "2007"]
[PlyCount "53"]
[EventDate "2012.11.17"]

1. e4 c5 2. Nf3 Nc6 3. Bb5 g6 4. Bxc6 dxc6 5. h3 Bg7 6. d3 e5 7. Be3 Qe7 8. Nc3
Nf6 9. Qd2 Nd7 10. Bh6 f6 11. Nh2 Nf8 12. Bxg7 Qxg7 13. f4 Ne6 14. Ne2 Bd7 15.
fxe5 fxe5 16. O-O O-O-O 17. Ng4 Rhf8 18. Qh6 Qxh6 19. Nxh6 c4 20. Nf7 cxd3 21.
cxd3 Nf4 22. Rxf4 exf4 23. Nxd8 Kxd8 24. Rf1 g5 25. h4 h6 26. hxg5 hxg5 27. d4
1/2-1/2

[Event "Oban Open"]
[Site "?"]
[Date "2012.11.17"]
[Round "2"]
[White "Page, Mark"]
[Black "Maack, Kjartran"]
[Result "0-1"]
[WhiteElo "2025"]
[BlackElo "2128"]
[PlyCount "95"]
[EventDate "2012.11.17"]

1. e4 e6 2. d4 d5 3. Nd2 Nf6 4. e5 Nfd7 5. Bd3 c5 6. c3 Nc6 7. Ne2 cxd4 8. cxd4
f6 9. exf6 Nxf6 10. Nf3 Bd6 11. O-O Qc7 12. Nc3 a6 13. Re1 O-O 14. h3 Bd7 15.
Be3 Rae8 16. Rc1 Qb8 17. a3 Re7 18. Na4 Qe8 19. Nb6 Kh8 20. Ne5 Nxe5 21. dxe5
Bxe5 22. Bc5 Bb8 23. Nxd7 Qxd7 24. Qe2 Bd6 25. Bxd6 Qxd6 26. Qe5 Qxe5 27. Rxe5
Rfe8 28. f4 Kg8 29. b4 g6 30. g3 Kf7 31. Kg2 Nd7 32. Re2 e5 33. fxe5 Nxe5 34.
Bc2 Nc4 35. Rf2+ Kg7 36. Bb3 Ne3+ 37. Kh2 d4 38. g4 Rf8 39. Kg1 Rxf2 40. Kxf2
Kf6 41. Rc8 Ke5 42. Ke2 Ke4 43. Rd8 b5 44. Rd6 Nc4 45. Rxa6 d3+ 46. Kd1 Kd4 47.
a4 Rf7 48. Kc1 0-1

[Event "Oban Open"]
[Site "?"]
[Date "2012.11.17"]
[Round "2"]
[White "Grant, Alan"]
[Black "Jelfs, Alan"]
[Result "1-0"]
[WhiteElo "2114"]
[BlackElo "1858"]
[PlyCount "131"]
[EventDate "2012.11.17"]

1. c4 g6 2. Nc3 Bg7 3. Nf3 c5 4. g3 Nc6 5. Bg2 e6 6. d3 Nge7 7. Bg5 h6 8. Bd2
Rb8 9. a3 d5 10. O-O O-O 11. Rb1 b6 12. b4 cxb4 13. axb4 d4 14. Na4 b5 15. Nc5
Qb6 16. Qc2 Rd8 17. Rfc1 e5 18. Ne1 a6 19. Ne4 Kh7 20. c5 Qc7 21. Nd6 Nf5 22.
Nxf7 Nxb4 23. Bxb4 Qxf7 24. c6 Re8 25. c7 Rb6 26. Bc6 Rf8 27. Bxf8 Bxf8 28. Be4
Nd6 29. Bg2 Ne8 30. Qb3 Qxb3 31. Rxb3 Bd6 32. Nf3 Nxc7 33. Nd2 Be6 34. Rbb1 Nd5
35. Bxd5 Bxd5 36. Nc4 Bxc4 37. dxc4 Ba3 38. Rd1 b4 39. e3 Rd6 40. exd4 exd4 41.
c5 Rd5 42. c6 Rd6 43. c7 Rc6 44. Rxd4 Rxc7 45. Rbd1 a5 46. Rd7+ Rxd7 47. Rxd7+
Kg8 48. Ra7 Bc1 49. Rxa5 b3 50. Rb5 b2 51. Kf1 Kf7 52. Ke2 Ke6 53. Kd3 Kd6 54.
Kc2 Kc6 55. Rb8 Kc5 56. Rg8 g5 57. Rg6 h5 58. Rh6 Kd4 59. Rxh5 Ke4 60. Rh8 Kf3
61. h4 gxh4 62. gxh4 Kxf2 63. h5 Kf3 64. h6 Bg5 65. h7 Ke4 66. Re8+ 1-0

[Event "Oban Open"]
[Site "?"]
[Date "2012.11.17"]
[Round "2"]
[White "Minnican, Alan"]
[Black "Oswald, David"]
[Result "1-0"]
[WhiteElo "2164"]
[BlackElo "2048"]
[PlyCount "105"]
[EventDate "2012.11.17"]

1. Nf3 d6 2. d4 f5 3. g3 Nf6 4. Bg2 e6 5. O-O Be7 6. c4 O-O 7. b3 Ne4 8. Bb2
Qe8 9. Nfd2 Nxd2 10. Nxd2 Bf6 11. e4 e5 12. dxe5 Bxe5 13. Bxe5 dxe5 14. exf5
Rxf5 15. Be4 Nc6 16. Nf3 Rh5 17. h4 Bg4 18. Qd5+ Be6 19. Qb5 Rd8 20. Rad1 Bg4
21. Rxd8 Qxd8 22. Qxb7 Ne7 23. Qxa7 c6 24. b4 Bf5 25. Qe3 Qd6 26. Bxf5 Rxf5 27.
Qd2 Qe6 28. Ng5 Rxg5 29. Qxg5 h6 30. Qh5 Nf5 31. Qg4 Qf7 32. Rd1 Nd4 33. Rxd4
exd4 34. Qxd4 Qf5 35. Qd2 Qb1+ 36. Kh2 Qf1 37. Qc2 Kf8 38. a4 g5 39. hxg5 hxg5
40. b5 cxb5 41. axb5 Ke7 42. Qe4+ Kd8 43. Qd4+ Kc8 44. b6 Kb7 45. c5 g4 46.
Qe4+ Kb8 47. Qe8+ Kb7 48. Qf7+ Kc6 49. b7 Qb1 50. Qe6+ Kxb7 51. Qxg4 Kc6 52.
Qd4 Qc2 53. g4 1-0

[Event "Oban Open"]
[Site "?"]
[Date "2012.11.17"]
[Round "2"]
[White "Berry, Neil"]
[Black "Robinson, Stephen"]
[Result "1-0"]
[WhiteElo "2216"]
[BlackElo "1707"]
[PlyCount "55"]
[EventDate "2012.11.17"]

1. d4 e6 2. c4 f5 3. g3 d5 4. Bg2 c6 5. Nh3 Nf6 6. O-O Bd6 7. Bf4 O-O 8. Bxd6
Qxd6 9. Nd2 Nbd7 10. Qc2 Ne4 11. Nf3 Rf6 12. Nf4 g5 13. c5 Qe7 14. Nd3 g4 15.
Nfe5 Ng5 16. Qd2 Qg7 17. Qa5 Nxe5 18. Nxe5 f4 19. Nxg4 Rf5 20. Ne5 h5 21. Rad1
h4 22. gxh4 Ne4 23. Kh1 Rh5 24. Bxe4 Qf6 25. Rg1+ Kf8 26. Bf3 Rh7 27. Rg4 Bd7
28. Rxf4 1-0

[Event "Oban Open"]
[Site "?"]
[Date "2012.11.17"]
[Round "2"]
[White "Mollison, Jamie"]
[Black "Bremner, Adam"]
[Result "0-1"]
[WhiteElo "1865"]
[BlackElo "2194"]
[PlyCount "62"]
[EventDate "2012.11.17"]

1. Nf3 g6 2. g3 Bg7 3. d4 c5 4. e3 d5 5. Bg2 Nc6 6. O-O b6 7. c3 Nf6 8. b3 Bg4
9. h3 Bf5 10. Bb2 h5 11. c4 Qd7 12. cxd5 Nxd5 13. Ne5 Nxe5 14. dxe5 Be6 15.
Bxd5 Qxd5 16. Qxd5 Bxd5 17. Nd2 Rd8 18. Rfd1 O-O 19. e4 Bc6 20. f3 Rd3 21. Nc4
Rfd8 22. Rxd3 Rxd3 23. Kf2 b5 24. Na5 Bxe4 25. fxe4 Rd2+ 26. Kf3 Rxb2 27. Nc6
e6 28. Nxa7 c4 29. Nxb5 cxb3 30. a4 Bxe5 31. Ra3 Rb1 0-1

[Event "Oban Open"]
[Site "?"]
[Date "2012.11.17"]
[Round "2"]
[White "Marks, Ian"]
[Black "Robertson, Ian"]
[Result "0-1"]
[WhiteElo "1922"]
[BlackElo "2102"]
[PlyCount "72"]
[EventDate "2012.11.17"]

1. d4 e6 2. c4 Nf6 3. Nc3 d5 4. Nf3 Be7 5. Bg5 O-O 6. e3 Nbd7 7. Rc1 c6 8. Bd3
a6 9. cxd5 cxd5 10. O-O b5 11. Qe2 Bb7 12. Rfd1 Rc8 13. h3 Qa5 14. Ne5 Bb4 15.
Qc2 h6 16. Nxd7 Nxd7 17. Bh4 Bd6 18. f4 Nb6 19. Qe2 f5 20. g4 b4 21. Nb1 Qxa2
22. gxf5 exf5 23. Qh5 Rxc1 24. Rxc1 Qxb2 25. Rf1 Qb3 26. Bxf5 Qxe3+ 27. Kh1 Bc8
28. Bxc8 Rxc8 29. Qf5 Rf8 30. Qg4 Qe4+ 31. Kg1 Bxf4 32. Re1 Be3+ 33. Kh2 Rf4
34. Qg3 Nc4 35. Re2 Rxh4 36. Rg2 Bf4 0-1

[Event "Oban Open"]
[Site "?"]
[Date "2012.11.17"]
[Round "2"]
[White "Neave, George"]
[Black "Murdochy, Shivan"]
[Result "0-1"]
[WhiteElo "2051"]
[BlackElo "1880"]
[PlyCount "89"]
[EventDate "2012.11.17"]

1. d4 e6 2. e4 d5 3. Nd2 Be7 4. Ngf3 Nf6 5. e5 Nfd7 6. Bd3 c5 7. c3 Nc6 8. O-O
a5 9. Bc2 g5 10. dxc5 Ncxe5 11. Nxe5 Nxe5 12. Nb3 Nc6 13. a4 Bd7 14. f4 gxf4
15. Bxf4 e5 16. Bg3 Be6 17. Qh5 Qc7 18. Rae1 O-O-O 19. Bf5 Rdf8 20. Kh1 Rhg8
21. Qxh7 Qd8 22. Qh3 Qd7 23. Bxe5 Rg5 24. Bxe6 fxe6 25. Rxf8+ Bxf8 26. Bg3 Rf5
27. Qh8 Qf7 28. h3 Rh5 29. Qxh5 Qxh5 30. Kh2 Kd7 31. Nd4 Nxd4 32. cxd4 Bg7 33.
Be5 Bxe5+ 34. dxe5 Qh4 35. Rf1 d4 36. g4 Qg5 37. Kg3 Qxe5+ 38. Kh4 d3 39. g5 d2
40. g6 Qe1+ 41. Rxe1 dxe1=Q+ 42. Kh5 Ke7 43. Kg5 Qg3+ 44. Kh6 Kf6 45. g7 0-1

[Event "Oban Open"]
[Site "?"]
[Date "2012.11.17"]
[Round "2"]
[White "Edwards, Jonathan"]
[Black "Newton, Andrew"]
[Result "1-0"]
[WhiteElo "1987"]
[BlackElo "1813"]
[PlyCount "53"]
[EventDate "2012.11.17"]

1. d4 Nf6 2. c4 e6 3. Nc3 Bb4 4. e3 b6 5. Bd3 Bb7 6. Nf3 O-O 7. O-O d6 8. a3
Bxc3 9. bxc3 Nbd7 10. Qc2 e5 11. e4 h6 12. Nh4 Re8 13. f3 exd4 14. Nf5 dxc3 15.
Qxc3 Ne5 16. Bc2 Qd7 17. f4 Nxe4 18. Qh3 Qe6 19. fxe5 Qxe5 20. Bxh6 Qc5+ 21.
Be3 Qxc4 22. Qg4 g6 23. Nh6+ Kg7 24. Rxf7+ Qxf7 25. Nxf7 Kxf7 26. Rf1+ Kg7 27.
Bd4+ 1-0

[Event "Oban Open"]
[Site "?"]
[Date "2012.11.17"]
[Round "2"]
[White "Tsang, Sai Kong"]
[Black "Doyle, James"]
[Result "1/2-1/2"]
[WhiteElo "1830"]
[BlackElo "1924"]
[PlyCount "114"]
[EventDate "2012.11.17"]

1. d4 Nf6 2. Nf3 e6 3. g3 c5 4. c4 d5 5. Bg2 Nc6 6. cxd5 exd5 7. O-O Be7 8. Nc3
O-O 9. Bg5 c4 10. Ne5 Be6 11. f4 Nxe5 12. Bxf6 Ng4 13. Bxe7 Qxe7 14. Qd2 Rad8
15. f5 Bc8 16. e4 dxe4 17. Nxe4 Nf6 18. Rae1 Nxe4 19. Rxe4 Qf6 20. Qc3 b5 21.
Re5 a6 22. Rfe1 Qb6 23. Rc5 Qf6 24. Ree5 Qd6 25. Rcd5 Qf6 26. g4 Rxd5 27. Bxd5
Qg5 28. h3 h5 29. Qe3 Qxe3+ 30. Rxe3 hxg4 31. hxg4 Rd8 32. Bc6 Kf8 33. d5 g6
34. fxg6 fxg6 35. g5 Bf5 36. Kf2 Kf7 37. Rg3 Ke7 38. Ra3 Kd6 39. Rxa6 Ke5 40.
Rb6 Kf4 41. Rxb5 Rh8 42. d6 Rh2+ 43. Ke1 Rh3 44. a4 Re3+ 45. Kf2 Rd3 46. d7
Bxd7 47. Bxd7 Rxd7 48. Rb4 Kxg5 49. Rxc4 Rd2+ 50. Kg3 Rxb2 51. Rc5+ Kf6 52. Rc4
Ra2 53. Rb4 Ke6 54. Kg4 Kd6 55. Kg5 Kc5 56. Rg4 Kb6 57. Kxg6 Ka5 1/2-1/2

[Event "Oban Open"]
[Site "?"]
[Date "2012.11.17"]
[Round "2"]
[White "Kelly, J Steven"]
[Black "Grove, Michael"]
[Result "1/2-1/2"]
[WhiteElo "1803"]
[BlackElo "1922"]
[PlyCount "25"]
[EventDate "2012.11.17"]

1. d4 Nf6 2. Nf3 c5 3. c3 g6 4. Bf4 cxd4 5. cxd4 Bg7 6. Nc3 d5 7. e3 O-O 8. Bd3
Nc6 9. O-O Bg4 10. h3 Bf5 11. Ne5 Bxd3 12. Nxd3 Rc8 13. Rc1 1/2-1/2

[Event "Oban Open"]
[Site "?"]
[Date "2012.11.17"]
[Round "2"]
[White "Ntirlis, Nikos"]
[Black "Thomas, Daniel"]
[Result "1/2-1/2"]
[WhiteElo "1912"]
[BlackElo "1741"]
[PlyCount "99"]
[EventDate "2012.11.17"]

1. d4 d5 2. c4 Nc6 3. e3 e5 4. dxe5 Bb4+ 5. Bd2 dxc4 6. Bxb4 Qxd1+ 7. Kxd1 Nxb4
8. Bxc4 Bf5 9. Nc3 Ne7 10. e4 Rd8+ 11. Ke2 Rd4 12. Bb5+ c6 13. exf5 cxb5 14.
Nf3 Nxf5 15. Nxd4 Nxd4+ 16. Kd2 O-O 17. Rae1 Rd8 18. Rhf1 Nb3+ 19. Ke3 Rd3+ 20.
Kf4 Nc5 21. Rd1 Ne6+ 22. Kg4 a6 23. a3 Nc6 24. f4 h5+ 25. Kh4 Nxf4 26. Rxd3
Nxd3 27. Kxh5 g6+ 28. Kh4 Ncxe5 29. b4 Nc4 30. Nb1 b6 31. Rd1 Nde5 32. Rd8+ Kg7
33. Ra8 a5 34. Nc3 Nxa3 35. bxa5 bxa5 36. Nxb5 g5+ 37. Kxg5 Nxb5 38. Rxa5 f6+
39. Kf5 Nd4+ 40. Ke4 Ndc6 41. Rc5 Kg6 42. Rc3 Ne7 43. Rc7 Nf5 44. Rc3 Kg5 45.
g3 Nd6+ 46. Kd5 Nf5 47. h3 Ng6 48. Ra3 Nfe7+ 49. Ke6 Nc6 50. Kd6 1/2-1/2

[Event "Oban Open"]
[Site "?"]
[Date "2012.11.17"]
[Round "2"]
[White "Galloway, John"]
[Black "Grant, David"]
[Result "0-1"]
[WhiteElo "1572"]
[BlackElo "1906"]
[PlyCount "111"]
[EventDate "2012.11.17"]

1. e4 g6 2. d4 d6 3. Nc3 Bg7 4. Be3 a6 5. f3 Nd7 6. h4 h5 7. Nge2 c6 8. a4 b6
9. Nc1 Qc7 10. Nb3 Bb7 11. Qd2 Ngf6 12. Be2 c5 13. Rd1 O-O 14. Bh6 cxd4 15.
Nxd4 Rac8 16. Bxg7 Kxg7 17. Kf2 Nc5 18. Bd3 Rfd8 19. Rhe1 e5 20. Nf5+ Kg8 21.
Qg5 Nh7 22. Qg3 Kh8 23. Ne3 Qd7 24. Kg1 Nxa4 25. Nxa4 Qxa4 26. Qh3 Qd7 27. Qh2
Nf6 28. Rf1 Qe7 29. g4 b5 30. Rf2 d5 31. g5 Ne8 32. Rdf1 d4 33. Ng2 Nd6 34. f4
Re8 35. fxe5 Qxe5 36. Qxe5+ Rxe5 37. Rf6 Rd8 38. Ne1 Bxe4 39. Nf3 Bxf3 40.
R1xf3 a5 41. R3f4 Rd5 42. Kf1 Kg7 43. Ke1 a4 44. Kd1 b4 45. Kc1 a3 46. Kb1 Rb8
47. Ka2 Rb7 48. Be4 Nxe4 49. Rxe4 d3 50. cxd3 Rxd3 51. Rf2 axb2 52. Kxb2 b3 53.
Ra4 Rh3 54. Rc4 Ra7 55. Rc1 Ra2+ 56. Kb1 0-1

[Event "Oban Open"]
[Site "?"]
[Date "2012.11.17"]
[Round "3"]
[White "Burns-Mannion, Stephen"]
[Black "Grant, Alan"]
[Result "1-0"]
[WhiteElo "2342"]
[BlackElo "2114"]
[PlyCount "95"]
[EventDate "2012.11.17"]

1. e4 c5 2. Nf3 d6 3. d4 cxd4 4. Nxd4 Nf6 5. Nc3 a6 6. h3 e6 7. g4 h6 8. Bg2
Nc6 9. Nxc6 bxc6 10. e5 Nd5 11. exd6 Bxd6 12. Ne4 O-O 13. Nxd6 Qxd6 14. O-O Qc7
15. c4 Ne7 16. Be3 Rb8 17. Bc5 Rd8 18. Qf3 Ng6 19. Qxc6 Qxc6 20. Bxc6 Ne5 21.
Bg2 Rxb2 22. Rfd1 Rbd2 23. Rxd2 Rxd2 24. Be3 Rd8 25. c5 Nc4 26. Rb1 Nxe3 27.
fxe3 Kf8 28. Rb8 Ke7 29. Ra8 Rd1+ 30. Kf2 Kd7 31. c6+ Kd8 32. Ra7 Ke8 33. Rc7
Rd8 34. Kg3 e5 35. Bf1 Be6 36. Ra7 Bxa2 37. c7 Rc8 38. Bxa6 Be6 39. Bxc8 Bxc8
40. Ra5 f6 41. Rd5 Bd7 42. e4 Ke7 43. Kf2 Ke6 44. Ke1 g6 45. Kd2 f5 46. gxf5+
gxf5 47. Rc5 Bc8 48. exf5+ 1-0